แสดงรายละเอียดบรรณานุกรม
  กลับหน้าหลัก

Brief Record : Get Marc (ISO 2709) : E-mail record : QR code ปิดหน้าต่าง
LEADER 00000nas 2200000uu 4500
001    210344
003     ULIBM
008    150203s||||||||th 000 0 tha d
022 0   ^a1351-0126
041 0   ^aeng
090     ^aSERIALS 2011
245 10  ^aJournal of Psychiatric and Mental Health Nursing [Journal]
260     ^aOxford,OX : ^bWiley-Blackwell,^c2011
310     ^aรายเดือน
500     ^a[ลำดับที่ 65] วารสารเย็บเล่ม
650  4  ^aPsychiatric ^xPeriodicals
650  4  ^aMantal Health ^xNursing ^xPeriodicals
850    ^aVol.18 No.5 June 2011;Vol.18 No.6 August 2011;Vol.18 No.7 September 2011;Vol.18 No.8 October 2011;Vol.18 No.9 November 2011;Vol.18 No.10 December 2011
999    ^aใช้งานได้ทุกระบบ
รายการนี้ยังไม่มีแท็ก
คุณยังไม่ได้ล็อกอิน คุณสามารถมีกิจกรรมร่วมกับเว็บไซต์ได้ แต่ต้องล็อกอินก่อน ::
  ล็อกอิน
ดูแบบ: กล่อง รายการ
ARRIVED
Vol.18 No.5 June 2011;Vol.18 No.6 August 2011;Vol.18 No.7 September 2011;Vol.18 No.8 October 2011;Vol.18 No.9 November 2011;Vol.18 No.10 December 2011
สถานที่: วารสาร
   [แสดง 1/1 รายการ]
รายการใกล้เคียง
    ชื่อเรื่อง [Journal of Psychiatric and Mental Health Nursing [Journal]]

BibComment


ยังไม่เคยถูกคอมเมนท์

คอมเมนท์ทรัพยากรรายการนี้
  คอมเมนท์: Journal of Psyc..
Bib 210344

 
 
 

 Union Library Management : ULibM
Copyright 2026. All Rights Reserved.
скачать бесплатно без регистрации порно красивый секс HD Sex Hindi sex

xxx gou

xxxx

bfxxx

xxxwww

Секса Видео

xxxx

Секса Видео

detube

geilexxx

C99 Shell

worms shell

blod xxx video
Ebony Coed Rihanna Rimes Takes A Dick In Her Young Twat priyaa indian fuck anal and pusssy hardcore indian women xxx desi hardcore fucking part 1 bengalixxxcouple